LEADER 01212nam 2200313Ia 450 001 996388010903316 005 20200824132506.0 035 $a(CKB)4940000000085880 035 $a(EEBO)2240883289 035 $a(OCoLC)ocm43077723e 035 $a(OCoLC)43077723 035 $a(EXLCZ)994940000000085880 100 $a19991222d1671 uy | 101 0 $aeng 135 $aurbn||||a|bb| 200 12$aA manual of controversies$b[electronic resource] $eclearly demonstrating the truth of Catholick religion, by [brace] texts of Holy Scripture, councils of all ages, fathers of the first 500 years, common sense and reason. : And fully answering the principal objections of Protestants and all other sectaries /$fby H.T 210 $aPrinted at Doway [i.e. Douai] $cby Christopher Serrurier$d1671 215 $a[12], 310 p 300 $aImperfect: numerous errors in pagination. 300 $aReproduction of original in: Bodleian Library, Oxford, England. 330 $aeebo-0014 700 $aTurberville$b Henry$fd. 1678.$0793399 801 0$bEAE 801 1$bEAE 801 2$bWaOLN 906 $aBOOK 912 $a996388010903316 996 $aA manual of controversies$92321884 997 $aUNISA